Language teaching
Định nghĩa về diễn ngôn; phân biệt sự khác nhau giữa diễn ngôn và câu; Phân tích sâu vào các vấn đề thuộc về diễn ngôn như: liên kết, thay thế, kết cấu song song, sự lần lượt trong các chuỗi hội thoại...Minh họa diễn ngôn trong quá trình dạy, học ngôn ngữ: người gửi tín hiệu, người nhận tín hiệu; sự...
Đã lưu trong:
| Tác giả chính: | |
|---|---|
| Định dạng: | Sách |
| Năm xuất bản: |
Anh:
Oxford University,
2004.
|
| Chủ đề: | |
| Tags: |
Thêm thẻ
Không có thẻ, Hãy là người đầu tiên gắn thẻ bản ghi này!
|
| LEADER | 01215nam a2200157 4500 | ||
|---|---|---|---|
| 082 | |a 420.71 |b C400O | ||
| 100 | |a Cook, Guy | ||
| 245 | |a Language teaching |c Guy Cook | ||
| 260 | |a Anh: |b Oxford University, |c 2004. | ||
| 300 | |a 167 tr.; |c 25 cm. | ||
| 520 | |a Định nghĩa về diễn ngôn; phân biệt sự khác nhau giữa diễn ngôn và câu; Phân tích sâu vào các vấn đề thuộc về diễn ngôn như: liên kết, thay thế, kết cấu song song, sự lần lượt trong các chuỗi hội thoại...Minh họa diễn ngôn trong quá trình dạy, học ngôn ngữ: người gửi tín hiệu, người nhận tín hiệu; sự thêm và bớt thông tin; các loại diễn ngôn và các bộ phận của nó; sự phát triển một cuộc đối thoại... | ||
| 653 | |a Tiếng Anh | ||
| 942 | |2 ddc |c STK0 | ||
| 999 | |c 4365 |d 4365 | ||
| 952 | |0 0 |1 0 |2 ddc |4 0 |6 420_071000000000000_C400O |7 0 |8 400 |9 43391 |a qbu |b qbu |c D4 |d 2014-12-19 |g 32000 |o 420.071 C400O |p 2779.c1 |w 2014-12-19 |y STK0 |0 0 |6 420_071000000000000_C400O | ||
| 952 | |0 0 |1 0 |2 ddc |4 0 |6 420_071000000000000_C400O |7 0 |8 400 |9 43392 |a qbu |b qbu |c D4 |d 2014-12-19 |g 32000 |l 1 |o 420.071 C400O |p 2779.c2 |r 2017-05-15 |s 2017-05-08 |w 2014-12-19 |y STK0 |0 0 |6 420_071000000000000_C400O | ||